000 00698nam a22002177a 4500
003 UA-OsUOA
001 77648
007 ta
008 20110920b un ||||| |||| 00| 0 ukr d
100 _aЯремчук Н.Ф.
090 _a657
_bЯ72
942 _cSA
040 _aUA-OsUOA
_bukr
_cUA-OsUOA
_dUA-OsUOA
245 _aСутність нерухомості підприємства для потреб бухгалтерського обліку
300 _aС.86-89
955 _a0
041 _aukr
080 _a657
773 0 _w77639
_tЕкономіка АПК
_dК.
_d2011
_g9
650 7 _a657 Бухгалтерія. Бухгалтерський облік. Рахівництво
_2UDC
999 _c363955
_d363955